Pays par rimes - Statistiques

Statistiques générales
  • Ce quiz a été pris 198 fois
  • Le résultat moyen est 25 sur 60
Statistiques - réponses
Indice Réponse % Correct
Anorexique Mexique
94%
Charlemagne Allemagne
83%
Allegro Monténégro
79%
Cuisse Suisse
74%
Tuba Cuba
69%
Dinde Inde
69%
Logo Togo
67%
Asile Brésil
66%
Squatteur Equateur
64%
Baroque Maroc
61%
Avatar Qatar
61%
Tyran Iran
60%
Machine Chine
57%
Echelle Seychelles
56%
Calembour Luxembourg
55%
Endive Maldives
54%
Pandore Andorre
50%
Lascar Madagascar
50%
Ténia Kenya
46%
Zombie Colombie
45%
Champagne Espagne
44%
Romarin Saint-Marin
44%
Panka Sri Lanka
44%
Dérobade Barbade
43%
Régal Sénegal
43%
Friche Autriche
42%
Transe France
41%
Nostalgique Belgique
40%
Féminin Bénin
40%
Saumon Salomon
40%
Matador Salvador
39%
Vagabond Gabon
38%
Cubique Mozambique
37%
Ivrogne Pologne
36%
Novo Kosovo
34%
Cobalt Malte
34%
Derby Serbie
34%
Kippour Singapour
33%
Fada Canada
32%
Swahili Chili
32%
Script Egypte
32%
Zigoto Lesotho
32%
Orgie Géorgie
31%
Piège Norvège
31%
Marque Danemark
27%
Tresse Grèce
25%
Quinoa Samoa
25%
Mosaïque Jamaïque
24%
Gourou Pérou
24%
Doudoune Cameroun
22%
Taco Monaco
21%
Dèche Bangladesh
20%
Copine Philippines
20%
Thalasso Burkina Faso
19%
Savoir Cote d'Ivoire
17%
Mohican Vatican
17%
Douane Macédoine
13%
Fougère Niger
12%
Clarisse Maurice
7%
Grimace Bahamas
4%
Aucun quiz correspondant
Distribution des résultats
% des personnes avec chaque résultat
Percentile par nombre de réponses
Votre historique - résultats
Vous n’avez pas pris ce quiz